Architecture and landscape of the Pennsylvania Germans, 1720-1920 / (Record no. 23476)

000 -LEADER
fixed length control field 01961cam a2200325 a 4500
001 - CONTROL NUMBER
control field 16251559
005 - DATE AND TIME OF LATEST TRANSACTION
control field 20170126114225.0
008 - FIXED-LENGTH DATA ELEMENTS--GENERAL INFORMATION
fixed length control field 100525s2011 paua b 001 0 eng
010 ## - LIBRARY OF CONGRESS CONTROL NUMBER
LC control number 2010022113
020 ## - INTERNATIONAL STANDARD BOOK NUMBER
International Standard Book Number 9780812242782 (hardcover : alk. paper)
020 ## - INTERNATIONAL STANDARD BOOK NUMBER
International Standard Book Number 0812242785 (hardcover : alk. paper)
035 ## - SYSTEM CONTROL NUMBER
System control number (OCoLC)ocn632228553
050 00 - LIBRARY OF CONGRESS CALL NUMBER
Classification number NA730.P4 A73 2011
082 00 - DEWEY DECIMAL CLASSIFICATION NUMBER
Classification number 720.9748
Edition number 22
245 00 - TITLE STATEMENT
Title Architecture and landscape of the Pennsylvania Germans, 1720-1920 /
Statement of responsibility, etc. edited by Sally McMurry and Nancy Van Dolsen.
260 ## - PUBLICATION, DISTRIBUTION, ETC. (IMPRINT)
Place of publication, distribution, etc. Philadelphia :
Name of publisher, distributor, etc. University of Pennsylvania Press,
Date of publication, distribution, etc. c2011.
300 ## - PHYSICAL DESCRIPTION
Extent xiv, 250 p. :
Other physical details ill. ;
Dimensions 27 cm.
504 ## - BIBLIOGRAPHY, ETC. NOTE
Bibliography, etc Includes bibliographical references (p.[229]-237) and index.
505 0# - FORMATTED CONTENTS NOTE
Formatted contents note Introduction: architecture and landscape of the Pennsylvania Germans, 1720-1920 / Sally McMurry and Nancy Van Dolsen -- Landscapes / Gabrielle Lanier -- Rural houses / Sally McMurry -- Domestic outbuildings / Philip E. Pendleton -- Barns and agricultural outbuildings / Sally McMurry and J. Ritchie Garrison -- Town house: from borough to city, Lancaster's changing streetscape / Bernard L. Herman, Thomas Ryan, and David Schuyler -- Commerce and culture: Pennsylvania German commercial vernacular architecture / Diane Wenger and J. Ritchie Garrison -- Religious landscapes / Jerry Clouse.
650 #0 - SUBJECT ADDED ENTRY--TOPICAL TERM
Topical term or geographic name as entry element Vernacular architecture
Geographic subdivision Pennsylvania
-- Pennsylvania Dutch Country.
650 #0 - SUBJECT ADDED ENTRY--TOPICAL TERM
Topical term or geographic name as entry element Cultural landscapes
Geographic subdivision Pennsylvania
-- Pennsylvania Dutch Country.
700 1# - ADDED ENTRY--PERSONAL NAME
Personal name McMurry, Sally Ann,
Dates associated with a name 1954-
700 1# - ADDED ENTRY--PERSONAL NAME
Personal name Van Dolsen, Nancy.
942 ## - ADDED ENTRY ELEMENTS (KOHA)
Source of classification or shelving scheme
Koha item type Hard Covered Materials
Holdings
Withdrawn status Lost status Source of classification or shelving scheme Damaged status Not for loan Home library Current library Shelving location Date acquired Source of acquisition Total Checkouts Full call number Barcode Date last seen Price effective from Koha item type
          MACHAKOS UNIVERSITY LIBRARY MACHAKOS UNIVERSITY LIBRARY Technical section 26/01/2017 Donation(BFA)   NA730.P4 A73 2011 32359 29/05/2018 26/01/2017 Hard Covered Materials
© Machakos University Library, Along The Highway, Machakos Wote Rd, Machakos, Kenya P.O. Box 136 - 90100 Machakos - Kenya

Tel: ( +254 ) 723 805829 OR Fax : 044-20353 OR Email: library@mksu.ac.ke